| 000 | 00678nas a2200229 4500 | ||
|---|---|---|---|
| 001 | BR0203635 | ||
| 003 | BR-BrBNA | ||
| 005 | 20231205103122.0 | ||
| 007 | ta | ||
| 008 | 230509b bl.|||p| |||| 00| 00por d | ||
| 040 |
_aBR-BrBNA _bpor _cBiblioteca Nacional de Agricultura |
||
| 041 | _a(Pt) | ||
| 072 | _aE50 | ||
| 100 | 1 | _aCosta, H.R.N. da | |
| 245 | 1 | _aAgroturismo ou turismo rural - atividade agrária acessória | |
| 650 | _aTURISMO | ||
| 650 | _aAGRICULTURA | ||
| 650 | _aSETOR TERCIÁRIO | ||
| 773 | 0 |
_tRevista de Direito Agrário (Brazil) _xISSN _g(Jan-Jun 2001), v. 17(15) p. 37-41 _wBR0203635 |
|
| 909 |
_a202311 _bLúcia _c55 _dLúcia Elande |
||
| 942 |
_2AGRIS _n0 _cANA |
||
| 999 |
_c171173 _d171173 |
||